8051 Microcontroller and embedded systems (Record no. 10621)
[ view plain ]
| 000 -LEADER | |
|---|---|
| fixed length control field | 00442 a2200157 4500 |
| 020 ## - INTERNATIONAL STANDARD BOOK NUMBER | |
| International Standard Book Number | 9788189757120 |
| 040 ## - CATALOGING SOURCE | |
| Original cataloging agency | DLC |
| Language of cataloging | DLC |
| 082 ## - DEWEY DECIMAL CLASSIFICATION NUMBER | |
| Classification number | 004.165 |
| 100 ## - MAIN ENTRY--PERSONAL NAME | |
| Personal name | Sampath K Venkatesh |
| 245 ## - TITLE STATEMENT | |
| Title | 8051 Microcontroller and embedded systems |
| Statement of responsibility, etc. | Sampath K Venkatesh |
| 260 ## - PUBLICATION, DISTRIBUTION, ETC. | |
| Place of publication, distribution, etc. | New Delhi |
| Name of publisher, distributor, etc. | Katsons Book |
| Date of publication, distribution, etc. | c 2006. |
| 300 ## - PHYSICAL DESCRIPTION | |
| Extent | xiv, 493.: |
| Dimensions | 25 cm. |
| 650 ## - SUBJECT ADDED ENTRY--TOPICAL TERM | |
| Topical term or geographic name entry element | Intel 8051 (computer) |
| 700 ## - ADDED ENTRY--PERSONAL NAME | |
| Personal name | Sampath K Venkatesh |
| 942 ## - ADDED ENTRY ELEMENTS (KOHA) | |
| Koha item type | Book |
| Call number prefix | 004.165 VEN |
| Source of classification or shelving scheme | |
| Withdrawn status | Lost status | Damaged status | Not for loan | Collection code | Permanent Location | Current Location | Shelving location | Date acquired | Source of acquisition | Cost, normal purchase price | Total Checkouts | Total Renewals | Full call number | Barcode | Date last seen | Date last checked out | Price effective from | Koha item type |
|---|---|---|---|---|---|---|---|---|---|---|---|---|---|---|---|---|---|---|
| Central Library (CL) | Central Library (CL) | First Floor - Computer Science | 11/14/2011 | Allied Book Company | 325.33 | 4 | 1 | 004.165 VEN | SEECS010647 | 08/26/2021 | 05/30/2016 | 01/05/2017 | Book | |||||
| Central Library (CL) | Central Library (CL) | First Floor - Computer Science | 11/14/2011 | Allied Book Company | 325.33 | 3 | 1 | 004.165 VEN | SEECS010648 | 12/16/2018 | 11/13/2018 | 01/05/2017 | Book |
